[Event "1384.."]
[Site "http://www.queenalice.com/game.php?id=899034"]
[Date "2011.2.11"]
[Round "-"]
[White "alamanerademachine"]
[Black "mpbl2005"]
[Result "0-1"]
[WhiteElo "1317"]
[BlackElo "1267"]

1. e4 e5 2. d4 b6 3. dxe5 h5 4. Qd5 c6 5. Qc4 Ba6 6. Qd4 Bc5 7. Qd6 Bxd6 8. exd6
Qh4 9. Nc3 Rh6 10. Bxh6 gxh6 11. O-O-O f5 12. Re1 Qxf2 13. exf5+ Qxe1+ 14. Nd1
Qxf1 15. Kd2 Qe2+ 16. Nxe2 c5 17. Rf1 Nc6 18. Ndc3 O-O-O 19. Nd5 Re8 20. Kc1
Bxe2 21. Rf2 Bg4 22. f6 Re1+ 23. Kd2 Nxf6 24. Rxf6 Re2+ 25. Kc1 Nb4 26. Rf8+ Kb7
27. Nf6 Rxc2+ 28. Kb1 Bd1 29. a3 Nd3 30. Nxd7 Rc1+ 31. Ka2 Bg4 32. Rb8+ Kc6 33.
Rd8 Be6+ 34. b3 Kxd6 35. Nf6+ Ke7 36. Rxd3 Kxf6 37. Rf3+ Ke7 38. Re3 Rc2+ 39.
Kb1 Rd2 40. b4 c4 41. Kc1 c3 42. Re1 c2 43. Kb2 c1=Q+ 44. Kxc1 Ra2 45. Re3 Kd6
46. Rd3+ Kc6 47. Rc3+ Kb5 48. Kb1 a5 49. Re3 Rxg2 50. Rxe6 a4 51. Rxh6 Rxh2 52.
Kc1 Kc4 53. Rxb6 Kd3 54. Rd6+ Kc3 55. b5 Rc2+ 56. Kd1 Rb2 57. Rc6+ Kd3 58. b6
Rb1+ 59. Rc1 Rxb6 60. Ke1 Rg6 61. Rd1+ Ke3 62. Rd3+ Kxd3 63. Kf2 h4 64. Kf3 h3
65. Kf4 h2 66. Kf5 Rg2 67. Ke5 h1=Q 68. Kd5 Rg6+ 69. Kc5 Rc6+ 70. Kb5 Qd5+ 71.
Kxa4 Qc4+ 72. Ka5 Ra6# 0-1

[Event "SUERTE !!! "]
[Site "http://www.queenalice.com/game.php?id=906745"]
[Date "2011.2.28"]
[Round "-"]
[White "alamanerademachine"]
[Black "mpbl2005"]
[Result "1-0"]
[WhiteElo "1328"]
[BlackElo "1281"]

1. e4 Nc6 2. f4 Nd4 3. d3 d5 4. Be3 dxe4 5. c3 Nf5 6. Qd2 exd3 7. Bxd3 Qd5 8.
Nf3 g5 9. fxg5 h6 10. Bc4 Qe4 11. Kf2 Qxc4 12. Re1 hxg5 13. Bxg5 Qc5+ 14. Be3
Bh6 15. g4 Nd6 16. g5 Qf5 17. gxh6 Ne4+ 18. Ke2 Nxd2 19. Nbxd2 Qc2 20. Rf1 Bh3
21. Ng5 Nf6 22. Nxh3 Ng4 23. Ng5 Nxe3 24. Nxf7 Rf8 25. Kxe3 Rd8 26. Nxd8 Rg8 27.
Ne6 Rg3+ 28. hxg3 Qxb2 29. Rad1 Qxc3+ 30. Ke2 Kd7 31. Ne4+ Kxe6 32. Nxc3 1-0

[Event "Challenge"]
[Site "http://www.queenalice.com/game.php?id=906748"]
[Date "2011.2.28"]
[Round "-"]
[White "ishamael13"]
[Black "mpbl2005"]
[Result "1-0"]
[WhiteElo "2069"]
[BlackElo "1283"]

1. Nf3 e5 2. d4 e4 3. Ne5 Qf6 4. f4 d6 5. Nc4 d5 6. Ne3 Qh4+ 7. g3 Qf6 8. Bg2 c5
9. Nxd5 Qc6 10. Nbc3 cxd4 11. Qxd4 Bc5 12. Qe5+ Be6 13. Bxe4 Nd7 14. Nc7+ Kd8
15. Qg5+ f6 16. Qxg7 Kxc7 17. Bxc6 Kxc6 18. Qxh8 Rd8 19. Qxh7 Nf8 20. Qe4+ Kc7
21. b4 Bb6 22. a4 Rd4 23. Nb5+ Kc8 24. Nxd4 Ne7 25. Nxe6 f5 26. Qe5 Nd7 27. Qh8+
1-0

[Event "Challenge"]
[Site "http://www.queenalice.com/game.php?id=908953"]
[Date "2011.3.5"]
[Round "-"]
[White "ishamael13"]
[Black "mpbl2005"]
[Result "1-0"]
[WhiteElo "2073"]
[BlackElo "1267"]

1. b4 e5 2. Bb2 Qh4 3. a3 a5 4. Nf3 Qe4 5. Nc3 Qc6 6. Nxe5 Qf6 7. Nd5 d6 8.
Nxf6+ gxf6 9. Nf3 Bg7 10. e4 Bg4 11. Be2 b6 12. Ng5 h6 13. Nxf7 Kxf7 14. Bxg4 h5
15. Bxh5+ Ke6 16. Qg4+ Ke7 17. Qxg7+ Ke6 18. Qf7# 1-0

[Event "Challenge"]
[Site "http://www.queenalice.com/game.php?id=909335"]
[Date "2011.3.6"]
[Round "-"]
[White "alamanerademachine"]
[Black "mpbl2005"]
[Result "1-0"]
[WhiteElo "1335"]
[BlackElo "1263"]

1. e4 e5 2. d3 b6 3. f4 Bb7 4. fxe5 f5 5. exf5 Qh4+ 6. g3 Qb4+ 7. c3 Qe7 8. Nf3
h5 9. Bg5 Qc5 10. Qe2 Nc6 11. e6 Qxf5 12. exd7+ Kxd7 13. Bg2 Re8 14. Be3 Bc5 15.
d4 Bd6 16. Rf1 h4 17. Ne5+ Nxe5 18. Rxf5 Nc6 19. Kd1 Nh6 20. Qf2 hxg3 21. hxg3
Ref8 22. Be4 Ne7 23. d5 Nexf5 24. Bxh6 Nxh6 25. Qe3 Ng4 26. Qe2 c6 27. Qxg4+ Kc7
28. Qxg7+ Kd8 29. Qxb7 Rf2 30. Ke1 Rff8 31. dxc6 Bxg3+ 32. Ke2 Rh2+ 33. Ke3 Re8
34. Qd7# 1-0

[Event "Challenge"]
[Site "http://www.queenalice.com/game.php?id=909336"]
[Date "2011.3.6"]
[Round "-"]
[White "ishamael13"]
[Black "mpbl2005"]
[Result "1-0"]
[WhiteElo "2052"]
[BlackElo "1265"]

1. e4 e5 2. Nf3 c6 3. d4 d5 4. dxe5 f6 5. Nc3 dxe4 6. Qxd8+ Kxd8 7. Nxe4 f5 8.
Neg5 Bb4+ 9. c3 Bc5 10. Nf7+ Ke7 11. Nxh8 f4 12. Bxf4 g5 13. Nxg5 Bf5 14. O-O-O
h6 15. Nf3 Na6 16. Nh4 Rd8 17. Nxf5+ Ke6 18. Ng7+ Ke7 19. Nf5+ Kf8 20. Rxd8# 1-0

[Event "Challenge"]
[Site "http://www.queenalice.com/game.php?id=911477"]
[Date "2011.3.11"]
[Round "-"]
[White "ishamael13"]
[Black "mpbl2005"]
[Result "1-0"]
[WhiteElo "2054"]
[BlackElo "1250"]

1. Nf3 b6 2. d4 Bb7 3. e3 e6 4. Be2 Nf6 5. O-O Bxf3 6. Bxf3 d5 7. c4 g6 8. Nc3
Bd6 9. cxd5 Nxd5 10. Nxd5 exd5 11. Bxd5 c6 12. Bb3 Bc7 13. f4 g5 14. fxg5 Qd6
15. Qh5 Rg8 16. Qxf7+ Kd8 17. Qxg8+ Kd7 18. Rf7+ Qe7 19. Rxe7+ Kxe7 20. Qxh7+
Kd6 21. e4 Nd7 22. Bf4+ Ne5 23. Bxe5# 1-0

[Event "2 años y 5 meses.! FELIZ MES"]
[Site "http://www.queenalice.com/game.php?id=912278"]
[Date "2011.3.13"]
[Round "-"]
[White "alamanerademachine"]
[Black "mpbl2005"]
[Result "1-0"]
[WhiteElo "1344"]
[BlackElo "1248"]

1. e4 b6 2. Qf3 c6 3. Bc4 e6 4. a4 d5 5. exd5 c5 6. d6 Qxd6 7. Qxa8 Qc7 8. Bb5+
Kd8 9. Qf3 Bb7 10. Qg4 Qe5+ 11. Ne2 f5 12. Qh4+ Be7 13. Qg3 f4 14. Qd3+ Qd5 15.
Nxf4 c4 16. Bxc4 Qd6 17. Nxe6+ Kc8 18. Nxg7 Qc6 19. f3 Bf6 20. Nf5 Ne7 21. Nd6+
Kd8 22. Nxb7+ Kc7 23. Nd8 Rxd8 24. Qe3 Nf5 25. Qf4+ Kc8 26. Qxf5+ Nd7 27. O-O
Qxc4 28. d3 Qxc2 29. Nc3 Kc7 30. Bf4+ Be5 31. Nb5+ Kc6 32. Qe6+ Kc5 33. Bxe5
Nxe5 34. Qxe5+ Rd5 35. Qc7+ Kb4 36. Qxc2 a6 37. Qc4+ Ka5 38. Qxd5 axb5 39. Qxb5#
1-0

[Event "Challenge"]
[Site "http://www.queenalice.com/game.php?id=912280"]
[Date "2011.3.13"]
[Round "-"]
[White "mpbl2005"]
[Black "ishamael13"]
[Result "0-1"]
[WhiteElo "1257"]
[BlackElo "2037"]

1. e4 e5 2. Qf3 Nc6 3. Bc4 Nf6 4. d4 Nxd4 5. Qc3 Nxe4 6. Qd3 d5 7. c3 Nc5 8.
Bb5+ c6 9. Qd1 Nxb5 10. b4 Ne4 11. a4 Nbxc3 12. Nxc3 Nxc3 13. Qf3 Bxb4 14. Ba3
e4 15. Qf4 Ba5 16. Ne2 Nxe2+ 17. Kxe2 Bc7 18. Qh4 Qxh4 19. g3 Qg4+ 20. Kd2 Ba5+
21. Kc2 Qe2+ 22. Kb1 Bf5 23. Bc1 e3# 0-1

[Event "I love you.. ♥"]
[Site "http://www.queenalice.com/game.php?id=912668"]
[Date "2011.3.14"]
[Round "-"]
[White "alamanerademachine"]
[Black "mpbl2005"]
[Result "1-0"]
[WhiteElo "1393"]
[BlackElo "1255"]

1. e4 e5 2. Nf3 Bd6 3. Bc4 b5 4. Bxb5 Ba6 5. Ba4 Nf6 6. d3 Bc5 7. h3 Nh5 8. Nxe5
Qf6 9. f4 Qh4+ 10. Kd2 Qf2+ 11. Kc3 Qd4+ 12. Kd2 Bb4+ 13. c3 Qf2+ 14. Qe2 Bc5
15. Kc2 Qxe2+ 16. Bd2 Qxd3+ 17. Kd1 Be3 18. Nxd3 Bb6 19. Ne5 O-O 20. Bxd7 Nxf4
21. Bxf4 f6 22. Nc6 Rd8 23. Nxd8 Nxd7 24. Ne6 Nc5 25. Nxc5 Bxc5 26. e5 Rd8+ 27.
Nd2 fxe5 28. Bxe5 Be3 29. Kc2 Rxd2+ 30. Kb3 c5 31. Rhf1 c4+ 32. Kb4 Bc8 33. Rad1
Rxb2+ 34. Kxc4 Ba6+ 35. Kd5 Bxf1 36. Rxf1 Rb5+ 37. Ke4 Bh6 38. c4 Rb4 39. Kd4
Bd2 40. Kd5 a5 41. c5 Bc3 42. Bxc3 Rb8 43. c6 Rd8+ 44. Ke6 a4 45. Ba5 Ra8 46. c7
Rc8 47. Kd7 Rxc7+ 48. Bxc7 a3 49. Ke7 g5 50. Be5 h6 51. Rf8+ Kh7 52. Kf7 h5 53.
Rh8# 1-0

[Event "Challenge"]
[Site "http://www.queenalice.com/game.php?id=913775"]
[Date "2011.3.17"]
[Round "-"]
[White "cucalegal"]
[Black "mpbl2005"]
[Result "1-0"]
[WhiteElo "1704"]
[BlackElo "1236"]

1. Nf3 b5 2. Nc3 Bb7 3. Nxb5 Na6 4. e3 Nb4 5. c3 Be4 6. cxb4 c6 7. Nc3 d5 8. Ne5
f5 9. f3 d4 10. fxe4 fxe4 11. Nxe4 e6 12. Nxc6 Qd5 13. Qc2 Rc8 14. b5 d3 15.
Qxd3 h5 16. Qxd5 exd5 17. Nc3 d4 18. Nxd4 Nf6 19. Bd3 Ng4 20. Bg6+ Ke7 21. Nd5+
Kd6 22. Nf4 1-0

[Event "Challenge"]
[Site "http://www.queenalice.com/game.php?id=918996"]
[Date "2011.3.29"]
[Round "-"]
[White "jamesxirb"]
[Black "mpbl2005"]
[Result "1-0"]
[WhiteElo "1396"]
[BlackElo "1221"]

1. e4 e5 2. Nf3 Qf6 3. d3 Nc6 4. Bg5 Qd6 5. Be3 Nb4 6. Na3 Qc6 7. Nxe5 Qf6 8.
Bd4 b6 9. c3 Na6 10. Qd2 Bc5 11. Ng4 Qg6 12. Ne5 d6 13. Nxg6 hxg6 14. Bxg7 Rh4
15. g3 Bb7 16. gxh4 Rd8 17. Nb5 Ne7 18. d4 c6 19. Nxa7 Ra8 20. dxc5 bxc5 21. Bh3
d5 22. O-O dxe4 23. Qd7# 1-0

[Event "Challenge"]
[Site "http://www.queenalice.com/game.php?id=918997"]
[Date "2011.3.29"]
[Round "-"]
[White "mpbl2005"]
[Black "jamesxirb"]
[Result "1-0"]
[WhiteElo "1212"]
[BlackElo "1397"]

1. e4 d5 2. exd5 Qxd5 3. Qf3 Qd8 4. Bc4 Be6 5. b3 c6 6. Ne2 f6 7. Nf4 Bf5 8. O-O
Qd7 9. Qh5+ g6 10. Qe2 Bxc2 11. Re1 Bf5 12. h3 Qd4 13. Ne6 Qxa1 14. Nc7+ Kd8 15.
Ne6+ Bxe6 16. Qxe6 Qxb1 17. Qf7 Nd7 18. Re3 Qxc1+ 19. Kh2 Nh6 20. Qe6 f5 21. Rd3
Kc7 22. Qxd7+ Kb6 23. a4 Qe1 24. b4 a5 25. bxa5+ Kc5 26. Qd4+ Kb4 27. Rb3+ Kxa4
28. Qc5 Rxa5 29. Qb4# 1-0

[Event "partido facil.."]
[Site "http://www.queenalice.com/game.php?id=921736"]
[Date "2011.4.4"]
[Round "-"]
[White "alamanerademachine"]
[Black "mpbl2005"]
[Result "1-0"]
[WhiteElo "1412"]
[BlackElo "1245"]

1. e4 e5 2. Nf3 Qf6 3. d4 exd4 4. Nxd4 Bc5 5. Be3 Nc6 6. c3 b5 7. Bxb5 Qg6 8. g3
Qxe4 9. O-O Bb7 10. Re1 Nxd4 11. Bxd4 O-O-O 12. Rxe4 Nf6 13. Rg4 Rhg8 14. Bxc5
Rge8 15. Bxa7 Nxg4 16. Qxg4 Re1+ 17. Bf1 Rde8 18. Nd2 Rxa1 19. a4 Ree1 20. f3
Re3 21. Kg2 Rd1 22. Bxe3 h5 23. Qxg7 c5 24. Bf4 Bd5 25. Qf8+ Kb7 26. Qb8+ Kc6
27. Qb5# 1-0

[Event " tapsadmv...! "]
[Site "http://www.queenalice.com/game.php?id=928528"]
[Date "2011.4.21"]
[Round "-"]
[White "alamanerademachine"]
[Black "mpbl2005"]
[Result "1-0"]
[WhiteElo "1439"]
[BlackElo "1235"]

1. e4 e5 2. Nf3 c6 3. Nxe5 Qf6 4. d4 d6 5. Nf3 d5 6. Qe2 c5 7. dxc5 b6 8. exd5+
Be7 9. c6 Ba6 10. Qe5 Nd7 11. Qc7 Rd8 12. Bxa6 Nc5 13. Qxa7 Qf5 14. Nd4 Qe4+ 15.
Be3 Qxg2 16. Rf1 Nd7 17. c7 Bb4+ 18. c3 Qxd5 19. cxb4 Ra8 20. c8=Q+ Rxc8 21.
Bxc8 Ne5 22. Qb8 Ne7 23. Bb7+ Qd8 24. Qxe5 f6 25. Qe4 Qc7 26. Bc6+ Kf7 27. Nc3
g6 28. Nd5 Qxh2 29. Qxe7+ Kg8 30. Nxf6# 1-0

[Event "Challenge"]
[Site "http://www.queenalice.com/game.php?id=937728"]
[Date "2011.5.13"]
[Round "-"]
[White "jamesxirb"]
[Black "mpbl2005"]
[Result "1-0"]
[WhiteElo "1423"]
[BlackElo "1215"]

1. e4 e5 2. d4 exd4 3. Qxd4 Qf6 4. e5 Qg6 5. Bd3 Qxg2 6. Be4 Qg4 7. h3 Qe6 8.
Nc3 c5 9. Qe3 Qxe5 10. Nf3 Qd6 11. Bd5+ Qe7 12. Ng5 d6 13. Nxf7 Nf6 14. Nxh8
Nxd5 15. Nxd5 Qe5 16. Nc7+ Kd8 17. Nxa8 Bf5 18. Nf7+ Ke7 19. Nxe5 dxe5 20. Qxe5+
Be6 21. Qxc5+ Kf6 22. Qxf8+ Ke5 23. Qxg7+ Kd5 24. Nc7+ Kd6 25. Ne8+ Kd5 26.
Qxb7+ Ke5 27. f4+ Kf5 28. Ng7+ Kf6 29. Ne8+ Kf5 30. Nd6+ Kg6 31. Rg1+ Kf6 32.
Ne8+ Kf5 33. Rg5# 1-0

[Event "Challenge"]
[Site "http://www.queenalice.com/game.php?id=938316"]
[Date "2011.5.15"]
[Round "-"]
[White "ishamael13"]
[Black "mpbl2005"]
[Result "1-0"]
[WhiteElo "2019"]
[BlackElo "1207"]

1. f4 e5 2. Nf3 f5 3. fxe5 d6 4. e3 dxe5 5. Nxe5 Qh4+ 6. g3 Qe4 7. Nf3 b5 8. Nc3
Qc6 9. Bxb5 Bb7 10. Bxc6+ Bxc6 11. O-O g5 12. Nxg5 Bc5 13. Rxf5 Ne7 14. Rxc5 Na6
15. Qh5+ Ng6 16. Rxc6 Rf8 17. Rxa6 Kd7 18. Qxh7+ Ne7 19. Nce4 Rae8 20. Nc5+ Kc8
21. Rxa7 1-0

[Event "Challenge"]
[Site "http://www.queenalice.com/game.php?id=938317"]
[Date "2011.5.15"]
[Round "-"]
[White "cucalegal"]
[Black "mpbl2005"]
[Result "1-0"]
[WhiteElo "1666"]
[BlackElo "1205"]

1. e4 e5 2. Nc3 Qf6 3. a3 Bc5 4. Nh3 d6 5. f3 d5 6. Nxd5 Qd6 7. b4 Bd4 8. c3 Bb6
9. c4 c6 10. c5 Qd7 11. Ne3 Bc7 12. Nf5 g6 13. Ne3 b6 14. cxb6 Bxb6 15. Nc4 Qd4
16. Bb2 Qd8 17. Bxe5 c5 18. Bxh8 Qh4+ 19. g3 Qf6 20. Nf4 cxb4 21. Bxf6 Nxf6 22.
Nd6+ 1-0

[Event "Challenge"]
[Site "http://www.queenalice.com/game.php?id=938318"]
[Date "2011.5.15"]
[Round "-"]
[White "bumpywater"]
[Black "mpbl2005"]
[Result "1-0"]
[WhiteElo "1752"]
[BlackElo "1217"]

1. e4 e5 2. f3 Qf6 3. Bc4 d5 4. Bxd5 Be6 5. Bxb7 Bc5 6. Ne2 Qg5 7. g4 h5 8. Bxa8
hxg4 9. Rg1 Qh4+ 10. Rg3 Qxh2 11. d3 Qf2+ 12. Kd2 Be3+ 13. Kc3 Bd4+ 14. Kb4 Nc6+
15. Bxc6+ Bd7 16. Bxd7+ Kxd7 17. Nbc3 gxf3 18. Rxg7 c5+ 19. Kc4 Kd6 20. Rxf7 Qh4
21. Rxf3 Qd8 22. Nb5+ Ke7 23. c3 a6 24. Bg5+ Nf6 25. Bxf6+ Ke8 26. Bxd8 Kxd8 27.
Nexd4 axb5+ 28. Kxc5 Kc7 29. Rf7+ Kc8 30. Qg4+ Kd8 31. Qd7# 1-0